000 00707nam a2200229 a 4500
999 _c4401
_d4401
001 4401
003 BD-JhCC
005 20171126211303.0
008 171126s1993 ii |||| |||| 000 0 ben d
020 _a8173320403
035 _a(BD-JhCC)4401
040 _aBD-JhCC
_dBD-JhCC
041 _aben
082 _a891.4435
_bGON 1993
100 _aগঙ্গোপাধ্যায়, সুনীল
245 _aসুনির্বাচিত কিশোর গল্প /
_cসুনীল গঙ্গোপাধ্যায়.
260 _aকলকাতা :
_bপুনশ্চ,
_c1993.
300 _a312 p. :
_c20 cm.
650 _aSelected Stories
942 _2ddc
_cBK